|
|
|
|
| LEADER |
00858pam a22002778a 4500 |
| 001 |
00017687 |
| 005 |
20171026081022.0 |
| 008 |
110421s2007 ||||||Viesd |
| 020 |
|
|
|c 39000
|
| 041 |
0 |
# |
|a Vie
|
| 082 |
1 |
4 |
|a 553
|b V124L
|
| 100 |
0 |
# |
|a Hoàng Trọng Bá
|
| 245 |
0 |
0 |
|a Vật liệu phi kim loại
|c Hoàng Trọng Bá
|
| 260 |
# |
# |
|a Tp. Hồ Chí Minh
|b Khoa học và kĩ thuật
|c 2007
|
| 300 |
# |
# |
|a 341tr.
|c 21cm.
|
| 653 |
# |
# |
|a Cao su
|
| 653 |
# |
# |
|a Chất dẻo
|
| 653 |
# |
# |
|a Vật liệu tổ hợp
|
| 653 |
# |
# |
|a Vật liệu phi kim loại
|
| 653 |
# |
# |
|a Gốm
|
| 653 |
# |
# |
|a Mica
|
| 653 |
# |
# |
|a Thủy tinh vô cơ vật liệu
|
| 852 |
# |
# |
|b Kho đọc
|j KD.0003131
|
| 852 |
# |
# |
|j KD.0003131
|
| 910 |
|
|
|d 21/04/2011
|
| 980 |
# |
# |
|a Trung tâm Học liệu Lê Vũ Hùng, Trường Đại học Đồng Tháp
|